000
00301nam a22001337a 4500
008
180316b xxu||||| |||| 00| 0 eng d
020
_a
0306800276
041
_a
eng
080
_a
781
100
_a
45
101
_a
MUZ
245
_a
The Art of Accompanying and Coaching
_c
Adler, K
942
_2
udc
_c
BK
999
_c
45259
_d
45259